000 00317nam a22001337a 4500
008 170523b xxu||||| |||| 00| 0 eng d
020 _a0941690040
041 _aeng
080 _a94
100 _a16
101 _aSHH
245 _aTHEODORE ROOSEVELT AND THE INTERNATIONAL RIVALRIES
_cESTHUS, R.A
942 _2udc
_cBK
999 _c13911
_d13911